Dandy's World toons - Statistics

General Stats
  • This quiz has been taken 349 times
  • The average score is 21 of 28
Answer Stats
Hint Answer % Correct
The Fossilian Shelly
89%
The Flower Sprout
87%
The Moon Crescent Astro
86%
The Bubble Poppy
86%
The Television Vee
86%
The Pet Rock Pebble
85%
The Music Box Boxten
84%
The Cake Roll Cosmo
81%
The Detective Rodger
80%
The Tea Cup Teagan
79%
The 8 Ball Toodles
79%
The Balloon Looey
78%
The Tissue Tisha
77%
The Fish Bowl Finn
76%
The Butterfly Flutter
76%
The Little Brother Goob
76%
The Shrimp Shrimpo
75%
The Pinata Yatta
74%
The Basket Bassie
73%
The Big Sister Scraps
73%
The Gachapon Gigi
72%
The Ghost Connie
71%
The Egg Eggson
69%
The Mirror Glisten
69%
The Bunny Cocoa
68%
The Theater Masks RnD/Razzle/Dazzle/RazzleDazzle
68%
The Butterfly Flyte
67%
The Lamp Brightney
66%
No matching quizzes found
Score Distribution
Percent of People with Each Score
Percentile by Number Answered
Your Score History
You have not taken this quiz